[Event "European Youth Chess Championship G14"]
[Site "Prague, Top Hotel Prague"]
[Date "2016.08.27"]
[Round "9.10"]
[White "Sibajeva, Marija"]
[Black "Rudzinska, Michalina"]
[Result "1/2-1/2"]
[WhiteElo "2021"]
[BlackElo "1896"]
[PlyCount "101"]
[EventDate "2016.08.18"]

1. e4 c5 2. Nf3 e6 3. d4 cxd4 4. Nxd4 a6 5. c4 Qc7 6. Nc3 Nc6 7. Be3 Nf6 8. Rc1
Bb4 9. f3 O-O 10. Be2 b6 11. O-O Bb7 12. Kh1 Rac8 13. a3 Be7 14. Nd5 exd5 15.
cxd5 Qe5 16. dxc6 dxc6 17. Nf5 c5 18. Bf4 Qxf4 19. Nxe7+ Kh8 20. Nxc8 Rxc8 21.
g3 Qh6 22. Qe1 Re8 23. Qf2 Rxe4 24. Kg1 Re8 25. Rcd1 Qg5 26. Bc4 h5 27. Rfe1
Rc8 28. h4 Qf5 29. Bd3 Qxf3 30. Qxf3 Bxf3 31. Bxa6 Ra8 32. Be2 Bc6 33. Rd6 Rc8
34. Bc4 b5 35. Bxf7 Bf3 36. Bg6 b4 37. Re3 Bd5 38. Rd3 Bg8 39. Rd8 Rc7 40. Rb8
c4 41. Rdd8 c3 42. bxc3 bxa3 43. Ra8 a2 44. Rxa2 Rxc3 45. Kg2 Ne8 46. Rxe8
Rxg3+ 47. Kf2 Rg2+ 48. Kf1 Rxa2 49. Bf7 Ra4 50. Bxg8 Rxh4 51. Kf2 1/2-1/2

[Event "European Youth Chess Championship G14"]
[Site "Prague, Top Hotel Prague"]
[Date "2016.08.27"]
[Round "9.11"]
[White "Pribylova, Sofie"]
[Black "Vinokur, Yuliya"]
[Result "1-0"]
[WhiteElo "1864"]
[BlackElo "1976"]
[PlyCount "71"]
[EventDate "2016.08.18"]

1. d4 e6 2. c4 b6 3. Nf3 Bb7 4. Bf4 f5 5. e3 Nf6 6. Nc3 Bb4 7. a3 Bxc3+ 8. bxc3
O-O 9. Bd3 Nc6 10. O-O Na5 11. h3 d6 12. Re1 c5 13. Nd2 Qd7 14. Bh2 Ne4 15.
Bxe4 fxe4 16. Qg4 Rac8 17. d5 Qf7 18. Nxe4 exd5 19. Nxd6 Qxf2+ 20. Kh1 dxc4 21.
Be5 Rc7 22. Re2 Bxg2+ 23. Qxg2 Qxg2+ 24. Kxg2 Re7 25. Bg3 g6 26. Rf1 Ra8 27. e4
Re6 28. e5 Rd8 29. Ref2 Nc6 30. Rf6 Re7 31. Nxc4 Nb8 32. e6 b5 33. Bxb8 bxc4
34. Bf4 Rde8 35. Bh6 Rg7 36. e7 1-0

[Event "European Youth Chess Championship G14"]
[Site "Prague, Top Hotel Prague"]
[Date "2016.08.27"]
[Round "9.12"]
[White "Moscicka, Pola"]
[Black "Muetsch, Annmarie"]
[Result "0-1"]
[WhiteElo "1853"]
[BlackElo "1966"]
[PlyCount "130"]
[EventDate "2016.08.18"]

1. d4 Nf6 2. c4 e6 3. g3 d5 4. Bg2 Bb4+ 5. Bd2 Bd6 6. Nf3 c6 7. Qc2 Nbd7 8. O-O
O-O 9. b3 dxc4 10. bxc4 e5 11. e3 Re8 12. Bc3 Qe7 13. Nbd2 h6 14. e4 c5 15.
dxe5 Nxe5 16. Nxe5 Bxe5 17. f4 Bd4+ 18. Bxd4 cxd4 19. Qd3 Ng4 20. Nb3 Be6 21.
f5 Ne5 22. Qxd4 Bxc4 23. Rfd1 Bxb3 24. axb3 Red8 25. Qb2 Ng4 26. b4 Qg5 27. Qc3
Rac8 28. Qf3 Rxd1+ 29. Rxd1 Rc2 30. Bh3 Nxh2 31. Qd3 Rb2 32. e5 Qh5 33. g4 Nxg4
34. Qf3 Rxb4 35. e6 fxe6 36. fxe6 Qg6 37. Qf7+ Kh7 38. Qxg6+ Kxg6 39. Re1 Nf6
40. e7 Kf7 41. Bd7 Rd4 42. e8=Q+ Nxe8 43. Bxe8+ Kf6 44. Kf2 Rd5 45. Rb1 b6 46.
Ra1 Re5 47. Bd7 a5 48. Rb1 Ke7 49. Bc6 Kd6 50. Rxb6 Kc7 51. Rb5 Rxb5 52. Bxb5
Kb6 53. Be8 Kc5 54. Ke3 Kc4 55. Bd7 Kb3 56. Kd2 g5 57. Bg4 Kc4 58. Kc2 Kd4 59.
Kb3 Ke4 60. Ka4 Kf4 61. Bc8 g4 62. Kxa5 g3 63. Bb7 Ke3 64. Kb4 h5 65. Kc3 h4
0-1

[Event "European Youth Chess Championship G14"]
[Site "Prague, Top Hotel Prague"]
[Date "2016.08.27"]
[Round "9.13"]
[White "Kovacs, Judit"]
[Black "Hajiyeva, Laman"]
[Result "1/2-1/2"]
[WhiteElo "2167"]
[BlackElo "1800"]
[PlyCount "88"]
[EventDate "2016.08.18"]

1. Nf3 Nf6 2. c4 c5 3. g3 b6 4. Bg2 Bb7 5. O-O e6 6. Nc3 Be7 7. d4 cxd4 8. Qxd4
Nc6 9. Qd2 O-O 10. e4 d6 11. b3 a6 12. Ba3 Qc7 13. Rac1 Rfd8 14. Qe2 Rac8 15.
Nd5 exd5 16. cxd5 Qd7 17. dxc6 Bxc6 18. Nd4 Bb7 19. Nf5 Bf8 20. Rxc8 Qxc8 21.
Bb2 Qe6 22. Nd4 Qe8 23. f3 Nd7 24. Re1 d5 25. exd5 Qxe2 26. Rxe2 Bxd5 27. f4
Bxg2 28. Kxg2 Nc5 29. Nc6 Rc8 30. Ne7+ Bxe7 31. Rxe7 Kf8 32. Ra7 a5 33. Be5 g6
34. Bc7 Nd7 35. Rb7 Ke8 36. Kf3 Nc5 37. Ra7 Nd7 38. Ke4 a4 39. bxa4 Nc5+ 40.
Kd5 Nxa4 41. Kc6 Nc3 42. Kb7 Kd7 43. Bxb6 Nb5 44. Ra4 Nd6+ $11 1/2-1/2

[Event "European Youth Chess Championship G14"]
[Site "Prague, Top Hotel Prague"]
[Date "2016.08.27"]
[Round "9.14"]
[White "Bulatova, Kamaliya"]
[Black "Koubova, Anna Marie"]
[Result "1-0"]
[WhiteElo "1999"]
[BlackElo "1868"]
[PlyCount "51"]
[EventDate "2016.08.18"]

1. d4 Nf6 2. c4 g6 3. Nc3 d5 4. cxd5 Nxd5 5. Bd2 Bg7 6. e4 Nxc3 7. Bxc3 O-O 8.
h3 c5 9. d5 Bxc3+ 10. bxc3 Qa5 11. Qd2 Rd8 12. Nf3 Nd7 13. Bd3 Nf6 14. O-O b5
15. Qh6 Nd7 16. Qh4 Re8 17. Ng5 Nf8 18. c4 Qc3 19. Rfd1 b4 20. f4 Qg7 21. e5 a5
22. Qf2 f6 23. Nf3 fxe5 24. fxe5 Nd7 25. e6 Ne5 26. Nxe5 1-0

[Event "European Youth Chess Championship G14"]
[Site "Prague, Top Hotel Prague"]
[Date "2016.08.27"]
[Round "9.15"]
[White "Hercog, Nusa"]
[Black "Aciu, Malina-Andreea"]
[Result "0-1"]
[WhiteElo "1865"]
[BlackElo "1935"]
[PlyCount "88"]
[EventDate "2016.08.18"]

1. d4 d5 2. c4 dxc4 3. Nf3 Nf6 4. e3 e6 5. Bxc4 a6 6. O-O b5 7. Be2 Bb7 8. a3
Nbd7 9. b4 Bd6 10. Bb2 O-O 11. Nbd2 Nb6 12. Qc2 Na4 13. Rac1 Nxb2 14. Qxb2 Ne4
15. Nb3 Bd5 16. Nc5 f5 17. Ne5 Qg5 18. f4 Qd8 19. Bf3 Bxc5 20. dxc5 g5 21. Bxe4
Bxe4 22. Rcd1 Bd5 23. c6 Qe7 24. Rd2 Rad8 25. Rc1 Rd6 26. Rc5 Rfd8 27. Rf2 g4
28. Rc1 Be4 29. Qc3 h5 30. h3 Qg7 31. hxg4 hxg4 32. Re2 Qh6 33. Qe1 Qg7 34. Qg3
Rd2 35. Rce1 R8d6 36. Kf2 Bxc6 37. Nxc6 Rxe2+ 38. Rxe2 Rxc6 39. Rd2 Qe7 40. e4
Rc4 41. e5 a5 42. bxa5 Qc5+ 43. Qe3 Rxf4+ 44. Ke2 Re4 0-1

[Event "European Youth Chess Championship G14"]
[Site "Prague, Top Hotel Prague"]
[Date "2016.08.27"]
[Round "9.16"]
[White "Hereklioglu, Sude"]
[Black "Beshukova, Alina"]
[Result "1-0"]
[WhiteElo "1801"]
[BlackElo "1920"]
[PlyCount "87"]
[EventDate "2016.08.18"]

1. e4 c5 2. Nf3 e6 3. g3 Nc6 4. Bg2 Nf6 5. d3 d5 6. e5 Nd7 7. Bf4 Qb6 8. Qc1
Qc7 9. Qe3 Nb4 10. Na3 d4 11. Qe2 Nd5 12. Bd2 a6 13. O-O b5 14. Rfe1 Bb7 15. h4
Be7 16. Nh2 N5b6 17. Bxb7 Qxb7 18. Qg4 O-O-O 19. Qf3 Qxf3 20. Nxf3 Nd5 21. Nb1
N7b6 22. Ba5 Rdf8 23. Bxb6 Nxb6 24. Nbd2 Rd8 25. Re4 Kb7 26. Rg4 g6 27. Ng5 h5
28. Rf4 Bxg5 29. Rxf7+ Rd7 30. Rxd7+ Nxd7 31. hxg5 Nxe5 32. Re1 Nc6 33. Rxe6
Nb4 34. Rxg6 Nxc2 35. Rh6 Rg8 36. g6 Nb4 37. Ne4 Nd5 38. Nxc5+ Kb6 39. Ne6 Ne7
40. g7 Kb7 41. Rxh5 Kc8 42. Rg5 Kd7 43. Nxd4 Ke8 44. Nf5 1-0

[Event "European Youth Chess Championship G14"]
[Site "Prague, Top Hotel Prague"]
[Date "2016.08.27"]
[Round "9.17"]
[White "Palma, Maria"]
[Black "Waszczuk, Patrycja"]
[Result "1-0"]
[WhiteElo "1911"]
[BlackElo "1859"]
[PlyCount "131"]
[EventDate "2016.08.18"]

1. Nf3 d5 2. c4 c6 3. e3 Nf6 4. d4 e6 5. Nbd2 Bd6 6. Bd3 Nbd7 7. O-O O-O 8. e4
dxe4 9. Nxe4 Nxe4 10. Bxe4 f5 11. Bc2 Qf6 12. Re1 h6 13. Qe2 Re8 14. c5 Bc7 15.
Bd2 b6 16. b4 Bb7 17. Bb3 Kh8 18. Rac1 b5 19. Bc3 Qg6 20. Qd2 Rad8 21. Qb2 Nf8
22. Ne5 Bxe5 23. Rxe5 Bc8 24. Rce1 Bd7 25. Qa3 Ra8 26. Qa6 Qf7 27. a4 bxa4 28.
Bxa4 Rec8 29. Bb3 Rc7 30. Qa2 Re8 31. Bc2 Kg8 32. Ra1 Ra8 33. Qc4 Ng6 34. Ree1
Nf4 35. Bd2 Nd5 36. Qd3 Rb7 37. Reb1 Rab8 38. Ra4 Bc8 39. Qa3 Qd7 40. Qg3 Qc7
41. Bd3 Qxg3 42. hxg3 Bd7 43. Ba6 Rc7 44. Rba1 Kf7 45. Kf1 Ke7 46. Bf4 Nxf4 47.
gxf4 Kd8 48. Ke2 Ra8 49. Kd2 Bc8 50. Bc4 Bd7 51. Kc3 Ke7 52. Ra5 Rb7 53. Rb1
Rab8 54. Ba6 Rc7 55. Kc4 Kd8 56. Rba1 Ra8 57. b5 cxb5+ 58. Bxb5 Bc8 59. d5
exd5+ 60. Kxd5 Ke7 61. Re1+ Kf7 62. Kd6 Rb7 63. Bc6 Be6 64. Bxb7 Rd8+ 65. Kc6
Bd5+ 66. Kc7 1-0

[Event "European Youth Chess Championship G14"]
[Site "Prague, Top Hotel Prague"]
[Date "2016.08.27"]
[Round "9.18"]
[White "Sankova, Stella"]
[Black "Kvendseth, Thyra"]
[Result "1/2-1/2"]
[WhiteElo "1898"]
[BlackElo "1735"]
[PlyCount "61"]
[EventDate "2016.08.18"]

1. c4 c5 2. Nc3 Nc6 3. g3 g6 4. Bg2 Bg7 5. Nf3 e6 6. O-O Nge7 7. Ne4 d6 8. d3
O-O 9. Bf4 Bxb2 10. Rb1 Bg7 11. Nxd6 e5 12. Nxc8 Rxc8 13. Be3 b6 14. Bh3 Rb8
15. Qd2 Qd6 16. Ng5 f5 17. f4 exf4 18. Bxf4 Be5 19. Bxe5 Nxe5 20. Qf4 N7c6 21.
Bg2 Qd4+ 22. Qxd4 Nxd4 23. Bd5+ Kh8 24. Ne6 Nxe6 25. Bxe6 Rbd8 26. Bd5 Ng4 27.
e4 fxe4 28. Bxe4 Rxf1+ 29. Rxf1 Ne5 30. Kf2 Kg7 31. h3 1/2-1/2

[Event "European Youth Chess Championship G14"]
[Site "Prague, Top Hotel Prague"]
[Date "2016.08.27"]
[Round "9.19"]
[White "Nemcova, Karin"]
[Black "Bucur, Denisa-Andreea"]
[Result "1/2-1/2"]
[WhiteElo "1798"]
[BlackElo "1893"]
[PlyCount "122"]
[EventDate "2016.08.18"]

1. e4 c5 2. Nf3 Nf6 3. Nc3 Nc6 4. d4 d5 5. exd5 Nxd5 6. Bb5 Nxc3 7. bxc3 Qa5 8.
Bxc6+ bxc6 9. Bd2 Ba6 10. Ne5 Qc7 11. Qf3 e6 12. Nxf7 Rg8 13. Bf4 Qb6 14. Bg5
cxd4 15. Ne5 Qc7 16. cxd4 Bd6 17. O-O-O h6 18. Bh4 g5 19. Bg3 Rg7 20. Qh5+ Ke7
21. Ng6+ Kd7 22. Bxd6 Qxd6 23. Ne5+ Kc7 24. Qf3 Rb8 25. Qc3 Qd5 26. Qa3 Kb7 27.
Qb3+ Ka8 28. Qxd5 cxd5 29. Kd2 Rb2 $11 30. Ra1 Rc7 31. Rhc1 Rb4 32. c3 Rb2+ 33.
Rc2 Rbb7 34. Rac1 Rb6 35. f3 Bb5 $11 36. Rb2 Bc4 37. Rxb6 axb6 38. Nxc4 dxc4
39. Ke3 Ra7 40. Rc2 Kb7 41. Ke4 Ra5 42. f4 g4 43. Rb2 Ra3 44. Rc2 Ra5 45. Rb2
Ra3 46. Ke5 Rxc3 47. Kxe6 Rd3 48. Rc2 b5 49. Kd5 c3 50. f5 Rd2 51. Rxc3 Rxg2
52. h3 g3 53. f6 b4 54. f7 Rf2 55. Rxg3 Rxf7 56. Kc4 Rf2 57. Kxb4 Rxa2 58. Rd3
Kc6 59. Kb3 Ra5 60. Kc3 Kd5 61. Kd2 Ke4 $11 1/2-1/2

[Event "European Youth Chess Championship G14"]
[Site "Prague, Top Hotel Prague"]
[Date "2016.08.27"]
[Round "9.20"]
[White "Pecorini, Angie"]
[Black "Ferkova, Dominika"]
[Result "0-1"]
[WhiteElo "1625"]
[BlackElo "1885"]
[PlyCount "86"]
[EventDate "2016.08.18"]

1. d4 d5 2. c4 c6 3. Nf3 Nf6 4. Nc3 e6 5. e3 Nbd7 6. Bd3 dxc4 7. Bxc4 b5 8. Bd3
Bb7 9. O-O b4 10. Ne4 Nxe4 11. Bxe4 Bd6 12. Bd2 O-O 13. Rc1 Rc8 14. Qc2 f5 15.
Bd3 c5 16. Qb3 Bd5 17. Qd1 c4 18. Be2 a5 19. Ne1 Nf6 20. Bf3 Ne4 21. Bxe4 fxe4
22. f3 c3 23. bxc3 Bxa2 24. cxb4 Bc4 25. Rxc4 Rxc4 26. bxa5 Qc7 27. f4 Bb4 28.
Bxb4 Rxb4 29. Qg4 Qc6 30. f5 exf5 31. Rxf5 Rxf5 32. Qxf5 Rb5 33. Qf4 h6 34. Qh4
Qc1 35. Qd8+ Kh7 36. Qh4 Qxe3+ 37. Qf2 Qb3 38. Qc2 Qxc2 39. Nxc2 Rb1+ 40. Kf2
Rb2 41. Ke3 Rxc2 42. Kxe4 Rxg2 43. d5 Ra2 0-1

[Event "European Youth Chess Championship G14"]
[Site "Prague, Top Hotel Prague"]
[Date "2016.08.27"]
[Round "9.21"]
[White "Jarocka, Liwia"]
[Black "Strukova, Ksenia"]
[Result "1/2-1/2"]
[WhiteElo "1676"]
[BlackElo "1894"]
[PlyCount "127"]
[EventDate "2016.08.18"]

1. e4 c5 2. Nf3 e6 3. d4 cxd4 4. Nxd4 a6 5. Bd3 Qc7 6. O-O Nf6 7. Qe2 d6 8. f4
g6 9. Nc3 Bg7 10. e5 dxe5 11. Ndb5 axb5 12. Nxb5 Qe7 13. fxe5 O-O 14. exf6 Bxf6
15. c3 Bg7 16. Be3 Nc6 17. b4 Rd8 18. Rad1 Ne5 19. Be4 Rxd1 20. Rxd1 f5 21. Bb1
Bd7 22. Bc5 Qh4 23. Nd4 Re8 24. a3 Kh8 25. Bd6 Nf7 26. Bg3 Qf6 27. Qf3 e5 28.
Qxb7 Bc8 29. Qc6 Rd8 30. Qc4 exd4 31. cxd4 f4 32. Bf2 Nd6 33. Qc7 Bg4 34. Re1
Rc8 35. Qb6 Qf8 36. a4 Nc4 37. Qb5 Nd6 38. Qg5 Bd7 39. b5 Ra8 40. Qh4 Qf6 41.
Qxf6 Bxf6 42. Bc2 Nc4 43. d5 Rc8 44. Be4 Nd6 45. Bd3 Rc3 46. Bf1 Nb7 47. Re7
Bxe7 48. Bd4+ Kg8 49. Bxc3 Bc5+ 50. Kh1 Bb6 51. Be5 g5 52. h4 h6 53. hxg5 hxg5
54. Bf6 g4 55. Be5 Be3 56. Bc7 Nc5 57. a5 Ne4 58. Bc4 Nf2+ 59. Kg1 Ne4+ 60. Kh1
Nf2+ 61. Kg1 Ne4+ 62. Kh1 f3 63. gxf3 gxf3 64. b6 $11 1/2-1/2

[Event "European Youth Chess Championship G14"]
[Site "Prague, Top Hotel Prague"]
[Date "2016.08.27"]
[Round "9.22"]
[White "Bogdanic, Katarina"]
[Black "Kulpa, Zuzanna"]
[Result "1/2-1/2"]
[WhiteElo "1883"]
[BlackElo "1719"]
[PlyCount "54"]
[EventDate "2016.08.18"]

1. c4 e5 2. g3 Nf6 3. Bg2 d5 4. cxd5 Nxd5 5. Nc3 Nb6 6. Nf3 Nc6 7. O-O Be7 8.
a3 O-O 9. d3 Re8 10. Be3 Bf8 11. Rc1 Nd4 12. Ne4 Bg4 13. Bxd4 exd4 14. h3 Be6
15. Qd2 c6 16. Nc5 Bxc5 17. Rxc5 Bd5 18. Qc2 Nd7 19. Rxd5 cxd5 20. Nxd4 Nb6 21.
Qb3 Rc8 22. e3 Qd7 23. Nb5 Rc5 24. Nd4 Rec8 25. Kh2 Rd8 26. Qb4 Rdc8 27. Qb3
Rd8 1/2-1/2

[Event "European Youth Chess Championship G14"]
[Site "Prague, Top Hotel Prague"]
[Date "2016.08.27"]
[Round "9.23"]
[White "Merkesvik, Amalie Isabel"]
[Black "Bellahcene, Meriem"]
[Result "1/2-1/2"]
[WhiteElo "1639"]
[BlackElo "1837"]
[PlyCount "49"]
[EventDate "2016.08.18"]

1. e4 c5 2. Nf3 Nc6 3. d4 cxd4 4. Nxd4 g6 5. c4 Nf6 6. Nc3 Nxd4 7. Qxd4 d6 8.
Be2 Bg7 9. Be3 O-O 10. Qd2 a5 11. Rc1 a4 12. O-O Be6 13. f3 Qa5 14. Rfd1 Nd7
15. Nd5 Bxd5 16. cxd5 Nc5 17. Qxa5 Rxa5 18. Bd4 Bh6 19. Rc3 b5 20. Kf2 b4 21.
Rc4 Rb8 22. Be3 Bxe3+ 23. Kxe3 a3 24. b3 Kg7 25. g4 $11 1/2-1/2

[Event "European Youth Chess Championship G14"]
[Site "Prague, Top Hotel Prague"]
[Date "2016.08.27"]
[Round "9.24"]
[White "Laurincova, Kristyna"]
[Black "Katkov, Michelle"]
[Result "0-1"]
[WhiteElo "1815"]
[BlackElo "1619"]
[PlyCount "44"]
[EventDate "2016.08.18"]

1. e4 e5 2. Nf3 Nc6 3. Bc4 Nf6 4. d3 Bc5 5. c3 d6 6. Bb3 Bb6 7. O-O O-O 8. Nbd2
Ne7 9. h3 Ng6 10. Re1 c6 11. Nf1 h6 12. Ng3 d5 13. exd5 Nxd5 14. Nxe5 Nxe5 15.
Rxe5 Bxf2+ 16. Kxf2 Qf6+ 17. Qf3 Qxe5 18. d4 Qd6 19. Ne4 Qg6 20. c4 Ne7 21. g4
f5 22. c5+ Be6 0-1

[Event "European Youth Chess Championship G14"]
[Site "Prague, Top Hotel Prague"]
[Date "2016.08.27"]
[Round "9.25"]
[White "Richterova, Julie"]
[Black "Moenster, Madita"]
[Result "1/2-1/2"]
[WhiteElo "1592"]
[BlackElo "1808"]
[PlyCount "146"]
[EventDate "2016.08.18"]

1. d4 Nf6 2. c4 e6 3. g3 d5 4. Bg2 Be7 5. Nf3 O-O 6. O-O dxc4 7. Qc2 a6 8. Qxc4
b5 9. Qc2 Bb7 10. Bd2 Nbd7 11. Ba5 Rc8 12. Nbd2 Qe8 13. b4 Bd6 14. e4 e5 15. d5
c6 16. dxc6 Rxc6 17. Qd3 Qe7 18. a3 Rfc8 19. Nh4 Rc3 20. Qe2 g6 21. Bh3 Bb8 22.
Ng2 Ba7 23. Rfd1 Rc2 24. Qe1 Bd4 25. Rac1 Bb2 26. Rxc2 Rxc2 27. Nb1 Nf8 28. Bd8
Qe8 29. Bxf6 Qc6 30. Bg5 Bd4 31. Ne3 Rb2 32. Rc1 Qd6 33. Nc2 Bb6 34. Qc3 Bd4
35. Nxd4 Qxd4 36. Qxd4 exd4 37. Bg2 Ne6 38. Bh6 f6 39. Bh3 Nd8 40. Bf4 Bxe4 41.
Nd2 Bb7 42. Bc8 Bd5 43. Nf1 Ne6 44. Bd6 d3 45. Rd1 Nd4 46. Ne3 Nf3+ 47. Kg2 Be4
48. Be6+ Kg7 49. Bd5 Ng5+ 50. Bxe4 Nxe4 51. Rxd3 Nxf2 52. Rd4 Ng4+ 53. Kf3
Nxh2+ 54. Ke4 f5+ 55. Kd5 Kf7 56. Kc6 Rb3 57. Bf4 Rxa3 58. Rd7+ Kg8 59. Nd5 Ng4
60. Ne7+ Kf8 61. Bd6 Kf7 62. Nxf5+ Kf6 63. Ng7 Ne5+ 64. Bxe5+ Kxe5 65. Kb6 Ra4
66. Ra7 Rxb4 67. Rxa6 Rb3 68. Ra1 Rxg3 69. Kxb5 Re3 70. Ne8 h5 71. Rh1 Kf4 72.
Nf6 Kf5 73. Nxh5 gxh5 $11 1/2-1/2

[Event "European Youth Chess Championship G14"]
[Site "Prague, Top Hotel Prague"]
[Date "2016.08.27"]
[Round "9.26"]
[White "Leonova, Ameliya"]
[Black "Granovskaya, Ekaterina"]
[Result "0-1"]
[WhiteElo "1513"]
[BlackElo "1805"]
[PlyCount "56"]
[EventDate "2016.08.18"]

1. d4 d5 2. c4 e6 3. Nc3 Be7 4. Nf3 Nf6 5. Bg5 O-O 6. e3 Nbd7 7. Rc1 c6 8. cxd5
exd5 9. Bd3 Nb6 10. Ne5 Ne8 11. Qh5 g6 12. Bxe7 Qxe7 13. Qh6 f6 14. Nf3 Nd6 15.
Nh4 g5 16. Nf3 Bf5 17. Bxf5 Nxf5 18. Qh5 Nc4 19. O-O Nxb2 20. h4 Ng7 21. Qh6 g4
22. Rc2 Nc4 23. Nd2 Nd6 24. Qf4 f5 25. Rfc1 h5 26. Qh6 Nf7 27. Qg6 Rab8 28. Nb5
a6 0-1

[Event "European Youth Chess Championship G14"]
[Site "Prague, Top Hotel Prague"]
[Date "2016.08.27"]
[Round "9.27"]
[White "Slaba, Andrea"]
[Black "Zhbanova, Angelina"]
[Result "1-0"]
[WhiteElo "1753"]
[BlackElo "1465"]
[PlyCount "177"]
[EventDate "2016.08.18"]

1. Nf3 Nf6 2. c4 g6 3. g3 Bg7 4. Bg2 d6 5. d4 c6 6. O-O O-O 7. Nc3 Nbd7 8. e4
e5 9. dxe5 dxe5 10. Qc2 Qc7 11. b3 Re8 12. Rd1 Nf8 13. Ba3 Qa5 14. Bd6 Bg4 15.
b4 Qa6 16. b5 Qa5 17. Rab1 N8d7 18. bxc6 bxc6 19. Qb3 Nc5 20. Bxc5 Qxc5 21. Qb4
Bf8 22. Qxc5 Bxc5 23. h3 Bxf3 24. Bxf3 Bd4 25. Ne2 c5 26. Rb7 Red8 27. Rdb1 Nd7
28. Nc1 Nb6 29. Be2 Na4 30. Bd3 Nc3 31. R1b3 Nd1 32. Kg2 Nb2 33. Rxb2 Bxb2 34.
Rxb2 Rd6 35. Rb5 Rc8 36. Kf3 Kg7 37. Ke3 Ra6 38. Bc2 Ra3+ 39. Bb3 a5 40. Ke2 a4
41. Bd1 Rc3 42. Nd3 Rxc4 43. Ke3 Rc3 44. Kd2 Ra3 45. Nc1 c4 46. Kc2 Rd8 47. Be2
c3 48. Bd3 f5 49. Rxe5 fxe4 50. Rxe4 Rb8 51. Re2 Rb2+ 52. Kd1 Kf6 53. Bc2 Rb5
54. Bd3 Rb2 55. Rc2 Ke5 56. Re2+ Rxe2 57. Kxe2 Kd4 58. Bc2 g5 59. Kf3 h5 60.
Ke2 Ke5 61. Kd3 Kd5 62. f4 gxf4 63. gxf4 h4 64. Ke3 Ke6 65. Kd4 Kf6 66. Kc4
Rxa2 67. Nxa2 a3 68. Kxc3 Ke6 69. Kd4 Kf6 70. Kd5 Kf7 71. Ke5 Ke7 72. f5 Kf7
73. Bb3+ Ke7 74. Bc4 Kf8 75. Kf6 Ke8 76. Kg7 Ke7 77. f6+ Kd6 78. f7 Ke5 79. Bd5
Kd4 80. f8=Q Kxd5 81. Qxa3 Ke5 82. Qa4 Kd5 83. Kf6 Kc5 84. Qe4 Kd6 85. Qe5+ Kd7
86. Qe6+ Kd8 87. Qf7 Kc8 88. Ke6 Kd8 89. Qd7# 1-0

[Event "European Youth Chess Championship G14"]
[Site "Prague, Top Hotel Prague"]
[Date "2016.08.27"]
[Round "9.28"]
[White "Tomcikova, Dominika"]
[Black "Szczerbacewicz, Nastia"]
[Result "1-0"]
[WhiteElo "1741"]
[BlackElo "1565"]
[PlyCount "59"]
[EventDate "2016.08.18"]

1. e4 c6 2. d4 d5 3. e5 Bf5 4. Nc3 e6 5. g4 Bg6 6. Nge2 c5 7. Nf4 Nc6 8. h4
cxd4 9. Nb5 Nxe5 10. Nxd4 Bc5 11. Bb5+ Ke7 12. Be2 Qb6 13. Be3 h6 14. c3 Nc6
15. Ndxe6 fxe6 16. Bxc5+ Qxc5 17. Nxg6+ Ke8 18. Nxh8 Nf6 19. Qd3 Ne4 20. Qe3
Qf8 21. Ng6 Qf6 22. h5 Kd7 23. Qf4 Qd8 24. Bb5 Qb6 25. Bxc6+ Kxc6 26. Ne5+ Kb5
27. Qe3 Qd6 28. a4+ Ka6 29. Nd3 e5 30. Nb4+ 1-0

[Event "European Youth Chess Championship G14"]
[Site "Prague, Top Hotel Prague"]
[Date "2016.08.27"]
[Round "9.29"]
[White "Daniel, Sharon"]
[Black "Andrade, Sandoval Bianca"]
[Result "0-1"]
[WhiteElo "1411"]
[BlackElo "1899"]
[PlyCount "94"]
[EventDate "2016.08.18"]

1. d4 d5 2. Nf3 Bf5 3. c4 e6 4. g3 Nf6 5. Bg2 c6 6. O-O Bd6 7. Nbd2 h6 8. b3
Nbd7 9. Bb2 O-O 10. Ne1 Re8 11. f3 Bh7 12. e4 e5 13. cxd5 cxd5 14. exd5 Nxd5
15. Nc4 Bc7 16. Nc2 exd4 17. Bxd4 N7b6 18. N2a3 Nxc4 19. Nxc4 Nb4 20. Bc5 Nd3
21. Ba3 Bb6+ 22. Nxb6 Qxb6+ 23. Kh1 Nf2+ 24. Rxf2 Qxf2 25. Bb4 Rad8 26. Qc1 Rc8
27. Qd1 Rc2 28. Qf1 Ree2 29. Rd1 Bg6 30. Qxf2 Rxf2 31. Bf1 Rxf3 32. Bg2 Rff2
33. Bxb7 Rfe2 34. Kg1 Be4 35. Bxe4 Rxe4 36. Bd6 Rxa2 37. b4 Ree2 38. h4 g5 39.
hxg5 hxg5 40. Rc1 Kg7 41. Kh1 Kg6 42. Rd1 Kh5 43. Rc1 Kg4 44. Rc4+ Kh3 45. Rc1
Rh2+ 46. Kg1 Rag2+ 47. Kf1 Rh1# 0-1

[Event "European Youth Chess Championship G14"]
[Site "Prague, Top Hotel Prague"]
[Date "2016.08.27"]
[Round "9.30"]
[White "Rubsamen, Anais"]
[Black "Gresova, Zuzana"]
[Result "1/2-1/2"]
[WhiteElo "1578"]
[BlackElo "1810"]
[PlyCount "81"]
[EventDate "2016.08.18"]

1. Nf3 d5 2. g3 c6 3. Bg2 Bg4 4. O-O Nd7 5. d3 e6 6. Nbd2 Bd6 7. b3 Ne7 8. Bb2
O-O 9. c4 Re8 10. Rc1 a5 11. Re1 Qb8 12. Qc2 $11 a4 13. Ba1 axb3 14. axb3 Bb4
15. Rf1 Ra6 16. h3 Bh5 17. Rb1 Qa7 18. Bb2 Ra8 19. Ra1 Qb6 20. Rxa6 Rxa6 21.
Bc3 h6 22. Qb2 Bxc3 23. Qxc3 Qa5 24. Qxa5 Rxa5 25. Rb1 Ra2 26. Bf1 Nc8 27. b4
Nd6 28. cxd5 exd5 29. Kg2 Nb5 30. e3 Bg6 31. Rb3 Nb6 32. e4 d4 33. Rb1 Na4 34.
Nc4 Nac3 35. Rb2 Rxb2 36. Nxb2 Na2 37. Nc4 Nxb4 38. Na5 f6 39. Nxb7 Bh5 40. g4
Bf7 41. Nc5 $11 1/2-1/2

[Event "European Youth Chess Championship G14"]
[Site "Prague, Top Hotel Prague"]
[Date "2016.08.27"]
[Round "9.32"]
[White "Catal, Uktenur"]
[Black "Munte, Noa"]
[Result "1/2-1/2"]
[WhiteElo "1666"]
[BlackElo "1529"]
[PlyCount "86"]
[EventDate "2016.08.18"]

1. d4 d5 2. Bf4 Nf6 3. e3 c5 4. c3 e6 5. Nd2 Nc6 6. Ngf3 Bd6 7. Bg3 O-O 8. Bd3
b6 9. Ne5 Ne7 10. f4 Bb7 11. Qf3 Nf5 12. Bf2 Be7 13. g4 Nd6 14. h4 Nfe4 15. Qh3
Rc8 16. g5 Nxd2 17. Kxd2 Nc4+ 18. Bxc4 dxc4 19. Rag1 cxd4 20. exd4 Bd6 21. Re1
b5 22. h5 Re8 23. Bg3 Qc7 24. Qh2 Bxe5 25. Rxe5 Bd5 26. f5 Qb7 27. f6 b4 28.
Ke3 bxc3 29. bxc3 Rc6 30. Rc1 Rb6 31. Rc2 Rb8 32. Kf4 Rb2 33. Ree2 Rxc2 34.
Rxc2 Be4 35. Rf2 Bd3 36. Kg4 Qe4+ 37. Bf4 Rb1 38. Rb2 Rxb2 39. Qxb2 Qe2+ 40.
Qxe2 Bxe2+ 41. Kh4 a5 42. Bd6 gxf6 43. gxf6 h6 1/2-1/2

[Event "European Youth Chess Championship G14"]
[Site "Prague, Top Hotel Prague"]
[Date "2016.08.27"]
[Round "9.33"]
[White "Vidruk, Mariia"]
[Black "Mkrtchyan, Anahit"]
[Result "0-1"]
[WhiteElo "1665"]
[BlackElo "1561"]
[PlyCount "100"]
[EventDate "2016.08.18"]

1. e4 e5 2. Nf3 Nf6 3. Nxe5 d6 4. Nf3 Nxe4 5. Nc3 Nxc3 6. dxc3 Nc6 7. Bf4 Bg4
8. Be2 Qd7 9. Qd2 O-O-O 10. O-O-O a6 11. h3 Bh5 12. Bg3 Bg6 13. Nh4 Kb8 14.
Nxg6 hxg6 15. Rhe1 Be7 16. Bf3 Rde8 17. Kb1 f5 18. Bd5 Bf6 19. a3 Ne5 20. Bb3
Qc6 21. Qd5 Qxd5 22. Bxd5 g5 23. f3 f4 24. Bf2 Re7 25. Re4 c6 26. Bb3 d5 27.
Re2 Rhe8 28. Bc5 Re6 29. Rde1 b5 30. a4 Kc7 31. axb5 axb5 32. Kc1 Kd7 33. Rd1
Nd3+ 34. cxd3 Rxe2 35. Rd2 Rxd2 36. Kxd2 Ra8 37. Ba3 Be7 38. Bxe7 Kxe7 39. d4
Kf6 40. Bc2 Ra1 41. Bd1 Kg6 42. Ke2 Kh5 43. Kd2 Kh4 44. Kc2 Kg3 45. Kd2 Kxg2
46. Kc2 Kxh3 47. Kd2 Kg3 48. Be2 Kf2 49. Bd1 Rxd1+ 50. Kxd1 Kxf3 0-1

[Event "European Youth Chess Championship G14"]
[Site "Prague, Top Hotel Prague"]
[Date "2016.08.27"]
[Round "9.34"]
[White "Lagazauri, Tamar"]
[Black "Grimaldi, Angela Flavia"]
[Result "1-0"]
[WhiteElo "1505"]
[BlackElo "1662"]
[PlyCount "75"]
[EventDate "2016.08.18"]

1. c4 e5 2. Nc3 Nf6 3. g3 g6 4. Bg2 Bg7 5. e3 O-O 6. Nge2 d6 7. O-O Re8 8. d4
e4 9. h3 h5 10. Kh2 Bf5 11. a3 a5 12. Bd2 Nbd7 13. b4 axb4 14. axb4 c6 15. Qb3
Nh7 16. Nf4 Ndf6 17. c5 Ng5 18. Rxa8 Qxa8 19. Qa4 Qc8 20. Qd1 Ne6 21. Nxe6 Qxe6
22. cxd6 Nh7 23. Ne2 g5 24. Bc3 Qxd6 25. Qb3 h4 26. b5 g4 27. Nf4 gxh3 28. Nxh3
Bxh3 29. Bxh3 Ng5 30. Kg2 Nxh3 31. Kxh3 Qf6 32. Qd1 Qh6 33. gxh4 f5 34. Rg1 Kf7
35. Qb3+ Ke7 36. Bb4+ Kd8 37. Qf7 Bf6 38. Ba5+ 1-0